Raspoznavanije, klassifikacija, prognoz Matematičeskije metody i ich primenenije

Guardado en:
Detalles Bibliográficos
Formato: Libro
Lenguaje:ruso
Publicado: Moskva Nauka 1989
Edición:1. izd.
Etiquetas: Agregar Etiqueta
Sin Etiquetas, Sea el primero en etiquetar este registro!

MARC

LEADER 00000nam a2200000 4500
001 c034183
005 20250930114909.3
041 0 |a rus 
044 |a RU 
245 1 0 |a Raspoznavanije, klassifikacija, prognoz  |b Matematičeskije metody i ich primenenije  |c Red. Ju.I. Žuravlev 
250 |a 1. izd. 
264 1 |a Moskva  |b Nauka  |c 1989 
300 |a 332 s.